| 000 | 00534nam a2200169 4500 | ||
|---|---|---|---|
| 001 | 139593 | ||
| 003 | ES-MaACL | ||
| 005 | 20230906195840.0 | ||
| 007 | t| | ||
| 008 | 070214s1961 ag r ||||1| spa d | ||
| 100 | 1 |
_aSchellhorn, Maurus. _9104291 |
|
| 245 | 1 | 0 |
_aSan Pedro y sus sucesores / _cMaurus Schellhorn, O. S. B. ; [traducción de Manuel Blancafort]. |
| 260 |
_aBuenos Aires [etc.] : _bPlaza & Janés, _c1961. |
||
| 300 |
_a429 p. ; _c26 cm. |
||
| 700 | 1 |
_aBlancafort, Manuel. _929122 |
|
| 852 |
_aES-MaACL _jA-3113 _bR.47617 |
||
| 999 |
_c139593 _d139593 |
||